LIBRARY & INFORMATION CENTRE, KCAET, TAVANUR

ONLINE PUBLIC ACCESS CATALOGUE (OPAC)

Normal view MARC view
  • Lothers, John E

Entry Personal Name

Number of records used in: 1

001 - CONTROL NUMBER

  • control field: 7580

003 - CONTROL NUMBER IDENTIFIER

  • control field: OSt

005 - DATE AND TIME OF LATEST TRANSACTION

  • control field: 20250617151037.0

008 - FIXED-LENGTH DATA ELEMENTS

  • fixed length control field: 250617|| aca||aabn | a|a d

040 ## - CATALOGING SOURCE

  • Original cataloging agency: OSt
  • Transcribing agency: OSt

100 ## - HEADING--PERSONAL NAME

  • Personal name: Lothers, John E

670 ## - SOURCE DATA FOUND

  • Source citation: Work cat.: (OSt)10402: Lothers, John E ., Design in structural steel / , 1967.
free website counter